000 00419nam a2200121Ia 4500
008 220620s9999||||xx |||||||||||||| ||und||
100 _aPérez Marín, Diana
245 0 _aInformation and Communications Technology in the 21st Century Classroom
546 _aEnglish[eng]
650 _aCommunication Technologies||Education||Information Technologies
856 _uhttps://doi.org/10.2478/9783110401455
942 _cEB
999 _c21517
_d21517